[Event "Muensterland Verbandsliga 0405"]
[Site "Muensterland"]
[Date "2005.03.12"]
[Round "7.3"]
[White "Topp, Michael"]
[Black "Welp, Michael"]
[Result "1-0"]
[WhiteElo "1975"]
[BlackElo "1893"]
[PlyCount "91"]
[EventDate "2004.09.18"]
[EventType "team"]
[EventRounds "9"]
[EventCountry "GER"]
[SourceTitle "EXT 2006"]
[Source "ChessBase"]
[SourceDate "2005.11.24"]
[SourceVersion "1"]
[SourceVersionDate "2005.11.24"]
[SourceQuality "1"]
[WhiteTeam "Emsdetten Turm II"]
[BlackTeam "Ibbenbueren"]
[WhiteTeamCountry "GER"]
[BlackTeamCountry "GER"]

1. c4 Nf6 2. g3 g6 3. Bg2 Bg7 4. Nc3 d6 5. Nf3 0-0 6. 0-0 e5 7. d3 c6 8. c5 Re8 9. cxd6 Qxd6 10. Rb1 Nbd7 11. Nd2 Nf8 12. Nc4 Qc7 13. b4 Be6 14. Bb2 Rad8 15. Qa4 b5 16. Qa5 Qb8 17. Nd2 Nd5 18. Nde4 Qb6 19. Qa3 Ra8 20. Nxd5 cxd5 21. Nc5 Red8 22. Qb3 Rac8 23. Nxe6 Qxe6 24. Rbc1 d4 25. Rc5 Qxb3 26. axb3 Ne6 27. Rxb5 Rc2 28. Ba3 Rxe2 29. Bf3 Rd2 30. Rd1 Ng5 31. Bg4 Ra2 32. Bc1 h6 33. h4 Nh7 34. Bf3 f5 35. Bd5+ Kf8 36. Bc4 Re8 37. Ra5 Rxa5 38. bxa5 e4 39. Ba3+ Re7 40. g4 Nf6 41. dxe4 Nxe4 42. gxf5 gxf5 43. Be6 f4 44. Bc4 Nc3 45. Bxe7+ Kxe7 46. Re1+ 1-0

[Event "Muensterland Verbandsliga 0405"]
[Site "Muensterland"]
[Date "2004.09.18"]
[Round "1.4"]
[White "Topp, Michael"]
[Black "Zivkov, Viktor"]
[Result "1-0"]
[WhiteElo "1975"]
[BlackElo "1879"]
[PlyCount "61"]
[EventDate "2004.09.18"]
[EventType "team"]
[EventRounds "9"]
[EventCountry "GER"]
[SourceTitle "EXT 2006"]
[Source "ChessBase"]
[SourceDate "2005.11.24"]
[SourceVersion "1"]
[SourceVersionDate "2005.11.24"]
[SourceQuality "1"]
[WhiteTeam "Emsdetten Turm II"]
[BlackTeam "Bocholt"]
[WhiteTeamCountry "GER"]
[BlackTeamCountry "GER"]

1. c4 c5 2. g3 d6 3. Bg2 Nc6 4. Nc3 e6 5. Nf3 Nf6 6. 0-0 a6 7. d4 cxd4 8. Nxd4 Qc7 9. e4 Be7 10. Be3 Bd7 11. Rc1 0-0 12. h3 Nxd4 13. Qxd4 Rac8 14. b3 Qa5 15. Qb6 Qxb6 16. Bxb6 Bc6 17. Rfd1 Nd7 18. Be3 g5 19. b4 Ne5 20. Bf1 Bd7 21. c5 f5 22. cxd6 Bf6 23. Be2 Nf7 24. Bd4 Bxd4 25. Rxd4 Ne5 26. Rdd1 Nc6 27. a3 b5 28. exf5 exf5 29. Nd5 Kg7 30. Nb6 Rcd8 31. Nxd7 1-0